|
|
|
|
| LEADER |
00000nam0a2200000 4500 |
| 001 |
193927 |
| 005 |
20251219172823.0 |
| 010 |
|
|
|a 9785922112413
|
| 035 |
|
|
|a (RuTPU)RU\TPU\book\211482
|
| 035 |
|
|
|a RU\SPSTU\books\20071949
|
| 035 |
|
|
|a RU\TPU\book\211477
|
| 090 |
|
|
|a 193927
|
| 100 |
|
|
|a 20110331d2010 k y0rusy50 ca
|
| 101 |
0 |
|
|a rus
|
| 102 |
|
|
|a RU
|
| 105 |
|
|
|a a z 000zy
|
| 200 |
1 |
|
|a Астероидно-кометная опасность
|e вчера, сегодня, завтра
|f Н. А. Артемьева [и др.]
|g под ред. Б. М. Шустова, Л. В. Рыхловой
|
| 210 |
|
|
|a Москва
|c Физматлит
|d 2010
|
| 215 |
|
|
|a 383 с., [8] л. цв. ил.
|c ил.
|d 24 см
|
| 300 |
|
|
|a Авт. коллектив указан на обороте тит. л.
|
| 320 |
|
|
|a Библиогр.: с.360-383
|
| 330 |
|
|
|a Проблема астероидно-кометной опасности, т. е. угрозы столкновения Земли с малыми телами Солнечной системы, осознается в наши дни как комплексная глобальная проблема, стоящая перед человечеством. В этой коллективной монографии впервые обобщены данные по всем аспектам проблемы. Рассмотрены современные представления о свойствах малых тел Солнечной системы и эволюции их ансамбля, проблемы обнаружения и мониторинга малых тел. Обсуждаются вопросы оценки уровня угрозы и возможных последствий падения тел на Землю, способы защиты и уменьшения ущерба, а также пути развития внутрироссийского и международного сотрудничества по этой глобальной проблеме.Книга рассчитана на широкий круг читателей. Научные работники, преподаватели, аспиранты и студенты различных специальностей, включая, прежде всего, астрономию, физику, науки о Земле, технические специалисты из сферы космической деятельности и, конечно, читатели, интересующиеся наукой, найдут для себя много интересного.
|
| 606 |
1 |
|
|a Малые тела Солнечной системы
|2 stltpush
|3 (RuTPU)RU\TPU\subj\70433
|9 84694
|
| 606 |
|
|
|a Стихийные бедствия
|2 stltpush
|3 (RuTPU)RU\TPU\subj\51472
|9 70066
|
| 610 |
1 |
|
|a астероидно-кометная опасность
|
| 610 |
1 |
|
|a астероиды
|
| 610 |
1 |
|
|a кометы
|
| 610 |
1 |
|
|a метеороиды
|
| 610 |
1 |
|
|a опасные небесные тела
|
| 610 |
1 |
|
|a обнаружение
|
| 610 |
1 |
|
|a мониторинг
|
| 610 |
1 |
|
|a орбиты
|
| 610 |
1 |
|
|a крупные небесные тела
|
| 610 |
1 |
|
|a падения
|
| 610 |
1 |
|
|a Земля
|
| 610 |
1 |
|
|a столкновения
|
| 610 |
1 |
|
|a противодействие
|
| 610 |
1 |
|
|a АКО
|
| 675 |
|
|
|a 523.6
|v 3
|z rus
|
| 675 |
|
|
|a 502.2
|v 3
|z rus
|
| 701 |
|
1 |
|a Артемьева
|b Н. А.
|g Наталья Анатольевна
|
| 701 |
|
1 |
|a Баканас
|b Е. С.
|g Елена Сергеевна
|
| 701 |
|
1 |
|a Барабанов
|b С. И.
|g Сергей Иванович
|
| 701 |
|
1 |
|a Витязев
|b А. В.
|g Андрей Васильевич
|
| 701 |
|
1 |
|a Волков
|b В. А.
|g Виктор Александрович
|
| 701 |
|
1 |
|a Глазачев
|b Д. О.
|g Дмитрий Олегович
|
| 701 |
|
1 |
|a Дегтярь
|b В. Г.
|g Владимир Григорьевич
|
| 702 |
|
1 |
|a Шустов
|b Б. М.
|g Борис Михайлович
|4 340
|
| 702 |
|
1 |
|a Рыхлова
|b Л. В.
|g Лидия Васильевна
|4 340
|
| 801 |
|
1 |
|a RU
|b 63413507
|c 20110331
|
| 801 |
|
2 |
|a RU
|b 63413507
|c 20110401
|g RCR
|
| 942 |
|
|
|c BK
|